Характеристики нанопорошков, полученных путём электровзрывного испарения лужёных медных проводников в инертной газовой среде; Современные техника и технологии; Т. 3
| Parent link: | Современные техника и технологии: сборник трудов XVI Международной научно-практической конференции студентов, аспирантов и молодых ученых, Томск, 12-16 апреля 2010 г/ Национальный исследовательский Томский политехнический университет (ТПУ).— , 2010 Т. 3.— 2010.— [С. 381-382] |
|---|---|
| Autor principal: | |
| Altres autors: | |
| Sumari: | Заглавие с титульного листа Электронная версия печатной публикации |
| Idioma: | rus |
| Publicat: |
2010
|
| Matèries: | |
| Accés en línia: | http://www.lib.tpu.ru/fulltext/c/2010/C01/V1/181.pdf |
| Format: | MixedMaterials Electrònic Capítol de llibre |
| KOHA link: | https://koha.lib.tpu.ru/cgi-bin/koha/opac-detail.pl?biblionumber=236920 |
MARC
| LEADER | 00000naa2a2200000 4500 | ||
|---|---|---|---|
| 001 | 236920 | ||
| 005 | 20260421143555.0 | ||
| 035 | |a (RuTPU)RU\TPU\book\258089 | ||
| 035 | |a RU\TPU\book\258088 | ||
| 090 | |a 236920 | ||
| 100 | |a 20130506d2010 k y0rusy50 ca | ||
| 101 | 0 | |a rus | |
| 102 | |a RU | ||
| 135 | |a drnn ---uucaa | ||
| 181 | 0 | |a i | |
| 182 | 0 | |a b | |
| 200 | 1 | |a Характеристики нанопорошков, полученных путём электровзрывного испарения лужёных медных проводников в инертной газовой среде |f С. А. Синкин |g науч. рук. Д. В. Тихонов | |
| 203 | |a Текст |c электронный | ||
| 215 | |a 1 файл (214 Кб) | ||
| 300 | |a Заглавие с титульного листа | ||
| 300 | |a Электронная версия печатной публикации | ||
| 337 | |a Adobe Reader | ||
| 461 | 1 | |0 (RuTPU)RU\TPU\book\245271 |t Современные техника и технологии |o сборник трудов XVI Международной научно-практической конференции студентов, аспирантов и молодых ученых, Томск, 12-16 апреля 2010 г |o в 3 т. |f Национальный исследовательский Томский политехнический университет (ТПУ) |d 2010 | |
| 463 | 1 | |0 (RuTPU)RU\TPU\book\255783 |t Т. 3 |v [С. 381-382] |d 2010 | |
| 610 | 1 | |a электронный ресурс | |
| 610 | 1 | |a труды учёных ТПУ | |
| 610 | 1 | |a нанопорошки | |
| 610 | 1 | |a характеристика | |
| 610 | 1 | |a получение | |
| 610 | 1 | |a электровзрывное испарение | |
| 610 | 1 | |a медные проводники | |
| 610 | 1 | |a газовая среда | |
| 610 | 1 | |a инертные газы | |
| 610 | 1 | |a технологические устройства | |
| 610 | 1 | |a блок-схемы | |
| 610 | 1 | |a аргон | |
| 610 | 1 | |a газообразные вещества | |
| 610 | 1 | |a способы | |
| 700 | 1 | |a Синкин |b С. А. | |
| 702 | 1 | |a Тихонов |b Д. В. |4 727 | |
| 801 | 1 | |a RU |b 63413507 |c 20130213 | |
| 801 | 2 | |a RU |b 63413507 |c 20141028 |g RCR | |
| 856 | 4 | |u http://www.lib.tpu.ru/fulltext/c/2010/C01/V1/181.pdf | |
| 942 | |c CF | ||